Krajina jako dílo : Identifikace a interpretace vzniku, podoby a proměny barokní kulturní krajiny jihomoravského pohraničí /

Na minha lista:
Detalhes bibliográficos
Autor Corporativo: Krajina jako dílo : Člověk a raně novověká kulturní krajina : Zámek Mikulov
Outros Autores: Ponešová, Barbora (Editor), Foretník, Jan (Editor)
Formato: Conference Proceeding Livro
Idioma:tcheco
Publicado em: Brno: Vysoké učení technické v Brně, Fakulta architektury, 2014
Edição:1. vydanie
Tags: Adicionar Tag
Sem tags, seja o primeiro a adicionar uma tag!

MARC

LEADER 00000nam a22000003a 4500
001 0082211
003 SK-STU
005 20200728134213.8
007 ta
008 200630s ----xo-----e------000-0-----d
020 |a 978-80-214-5083-7 
040 |a STU  |b slo 
041 0 |a cze 
044 |a xr 
111 2 |a Krajina jako dílo : Člověk a raně novověká kulturní krajina :  |d 23.4.2014  |c Zámek Mikulov 
245 1 0 |a Krajina jako dílo :  |b Identifikace a interpretace vzniku, podoby a proměny barokní kulturní krajiny jihomoravského pohraničí /  |c ed. Barbora Ponešová, Jan Foretník 
250 |a 1. vydanie 
260 |a Brno:  |b Vysoké učení technické v Brně, Fakulta architektury,  |c 2014 
300 |a 52 s. 
700 1 |a Ponešová, Barbora  |4 edt 
700 1 |a Foretník, Jan  |4 edt 
996 |b 284AU08383  |c A* 11643/U  |l AAKNAR  |s A  |a 24  |w 0082211_0001